000 00336 a2200157 4500
001 150961
040 _cEscola São Tomás de Aquino
100 _aBANDEIRA, Pedro
240 1 0 _aProva de fogo
_lpor
245 1 0 _aProva de fogo
300 _a93
362 0 _a2014
440 1 _aÁtica
697 _a*LITERATURA JUVENIL
942 _cBK
999 _c150961
_d150961